Southville International School and Colleges
Your cart is empty.
  • Cart
  • Lists
    Public lists Eva Luna New books Lux_list list_1
    Your lists Log in to create your own lists
  • Log in to your account
  • Your cookies
  • Search history
Southville International School and Colleges
  • Advanced search
  • Recent comments
  • Most popular
  • Libraries

Log in to your account

Log in with GOOGLE


If you do not have an external account, but do have a local account, you can still log in:

  1. Home
  2. MARC view: Can You See What I See? Out of This World /
Normal view MARC view ISBD view

Can You See What I See? Out of This World / (Record no. 290305)

[ view plain ]
MARC details
000 -LEADER
fixed length control field 00465nam a2200157Ia 4500
008 - FIXED-LENGTH DATA ELEMENTS--GENERAL INFORMATION
fixed length control field 160114s9999 xx 000 0 und d
020 ## - INTERNATIONAL STANDARD BOOK NUMBER
International Standard Book Number 9780545244688
050 ## - LIBRARY OF CONGRESS CALL NUMBER
Classification number 793.73
050 ## - LIBRARY OF CONGRESS CALL NUMBER
Item number .W636c 2013
100 ## - MAIN ENTRY--PERSONAL NAME
Personal name Wick, Walter.
245 ## - TITLE STATEMENT
Title Can You See What I See? Out of This World /
Statement of responsibility, etc Walter Wick.
260 ## - PUBLICATION, DISTRIBUTION, ETC. (IMPRINT)
Place of publication, distribution, etc Singapore
Name of publisher, distributor, etc Scholastic Inc.
Date of publication, distribution, etc 2013
300 ## - PHYSICAL DESCRIPTION
Extent 35 pages;
Other physical details col. ill. ;
Dimensions 28 cm.
650 ## - SUBJECT ADDED ENTRY--TOPICAL TERM
Topical term or geographic name as entry element Picture puzzles --
650 ## - SUBJECT ADDED ENTRY--TOPICAL TERM
General subdivision Juvenile literature.
Holdings
Withdrawn status Lost status Damaged status Home library Current library Shelving location Date acquired Total Checkouts Full call number Date last seen Price effective from Koha item type
      Stonyhurst Southville International School (Batangas) Stonyhurst Southville International School (Batangas) Grade School Section 01/14/2016   793.73 .W636c 2013 01/14/2016 01/14/2016 Books

Can You See What I See? Out of This World /

APA

Wick W., . (2013). Can You See What I See? Out of This World. Singapore: Scholastic Inc.

Chicago

Wick Walter, . 2013. Can You See What I See? Out of This World. Singapore: Scholastic Inc.

Harvard

Wick W., . (2013). Can You See What I See? Out of This World. Singapore: Scholastic Inc.

MLA

Wick Walter, . Can You See What I See? Out of This World. Singapore: Scholastic Inc. 2013.

  • Place hold
  • Print
  • Cite
  • Add to your cart (remove)
  • Save record
    BIBTEX Dublin Core MARCXML MARC (non-Unicode/MARC-8) MARC (Unicode/UTF-8) MARC (Unicode/UTF-8, Standard) MODS (XML) RIS
  • More searches
    Search for this title in:
    Other Libraries (WorldCat) Other Databases (Google Scholar) Online Stores (Bookfinder.com) Open Library (openlibrary.org)

Exporting to Dublin Core...

SOUTHVILLE LIBRARY

Southville International School and Colleges Library

1281 Tropical Ave. Cor. Luxembourg St., BF Homes International, Las Pinas City

Tel. No. 8256374 / 252358 Loc. 117/146

Powered by Koha